| 000 | 00311nam a22001217a 4500 | ||
|---|---|---|---|
| 082 |
_a346.018 _bMAH |
||
| 100 | _aMahmood, M. | ||
| 245 |
_aThe Guardians and Wards Act, 1890 / _cM. Mahmood |
||
| 260 |
_aLahore : _bAl-Qanoon Publishers, _c2018. |
||
| 300 |
_a488 p. ; _c24 cm. |
||
| 563 | _aHBK. | ||
| 942 |
_2ddc _cBK |
||
| 999 |
_c592420 _d592420 |
||